000 00655cam a22002173a 4500
001 38553
003 PGUSA
005 20140828083842.0
008 120111s2012||||xxu|||||s|||||000 | eng d
040 _aPGUSA
_beng
042 _adc
100 1 _aMartin, George Madden,
_d1866-1946
245 1 0 _aEmmy Lou's Road to Grace :
_bBeing a Little Pilgrim's Progress
_h[electronic resource] /
_cGeorge Madden Martin
260 _bProject Gutenberg,
_c2012
506 _aPublic domain in the USA.
516 _aElectronic text
700 1 _aHarker, G. A.
830 0 _aProject Gutenberg
_v38553
856 4 0 _uhttp://www.gutenberg.org/ebooks/38553
942 _cEB
999 _c267807
_d267807